| 000 | 00816cam a2200241 a 4500 | ||
|---|---|---|---|
| 001 | 000009410 | ||
| 005 | 20200929161602.0 | ||
| 008 | 910925s1989 cu 000 f spa | ||
| 035 | _a(DLC) 91198915 | ||
| 040 |
_aDO-SdBNP _cDLC _dBNPHU |
||
| 082 |
_aCu863.44 _bA473f |
||
| 100 | 1 |
_aÁlvarez de los Rios, Tomás, _d1918- _924196 |
|
| 245 | 1 | 4 |
_aLas Farfanes / _cTomás Álvarez de los Rios ; edición Miriam Ocaña Santiesteban. |
| 260 |
_aCiudad de La Habana : _bUnión de Escritores y Artistas de Cuba, _cc1989. |
||
| 300 |
_a311 p. ; _c19 cm. |
||
| 490 | 1 | _aContemporáneos | |
| 650 | 4 |
_aNovela cubana _92316 |
|
| 650 | 4 |
_aLiteratura cubana _ySIGLO XX _99186 |
|
| 700 | 1 |
_aOcaña Santiestebam, Miriam, _eed. _924197 |
|
| 830 | 0 |
_aContemporaneos. _96941 |
|
| 910 | _aCatalogación por copia / LC | ||
| 049 | _aBNGR | ||
| 999 |
_c9170 _d9170 |
||